| 000 | 00445nam a2200169 i 4500 | ||
|---|---|---|---|
| 001 | bgj | ||
| 100 | 1 |
_aMACLEAN, Alistair _d(1922-1987). |
|
| 245 | 1 | 0 |
_aSeawitch / _cAlistair MacLean. |
| 260 |
_aGarden City, NY : _bDoubleday and Company, Inc., _c1977. |
||
| 300 |
_a240 pp ; _c22 cm. |
||
| 650 | 9 |
_aFiction in English _y1945- |
|
| 655 | _aTexts | ||
| 040 | _cBPK | ||
| 041 | 0 | _aeng | |
| 942 | _cKS | ||
| 008 | s uk f |000 0 eng | ||
| 999 |
_c48673 _d48673 |
||
| 856 |
_uhttp://koha.tu.koszalin.pl/cgi-bin/koha/opac-detail.pl?biblionumber=48673 _yKatalog online BPK |
||